20 Grootste luchthavens van de wereld - Statistieken

Algemene statistieken
  • Deze quiz is 209 keer genomen
  • De gemiddelde score is 15 van 20
Antwoordstatistieken
Hint Antwoord % Correct
14. Nederland Amsterdam
97%
3. Verenigd Koninkrijk Londen
95%
18. VS New York
94%
8. Frankrijk Parijs
93%
4. Japan Tokyo
93%
2. China Beijing
90%
12. Turkije Istanbul
87%
16. Singapore Singapore
86%
7. VS Los Angeles
83%
5. Verenigde Arabische Emiraten Dubai
82%
11. Duitsland Frankfurt
81%
13. Indonesië Jakarta
78%
19. China Shanghai
70%
6. VS Chicago
68%
10. China Hongkong
68%
20. Maleisië Kuala Lumpur
62%
1.VS Atlanta
54%
9. VS Dallas
48%
15. China Guangzhou
31%
17. VS Denver
20%
Geen overeenkomende quizzen gevonden
Scoreverdeling
Procent van Mensen met Elke Score
Percentiel versus Aantal Correcte Antwoorden
Uw Scoregeschiedenis
U heeft deze quiz nog niet genomen